Finance principles

Bibliographic Details
Main Authors: Kim, Suk H. (Author), Gary, Ramesh (Author), Guithues, Henty J. (Author)
Format: Book
Published: Reston, Va. : Reston , 1985
Edition:2nd ed
Subjects:

MARC

LEADER 00000cam a2200000 7i4500
001 0000006540
005 20041017093000.0
008 021119s1985
020 |a 0835919986 
090 0 0 |a HG4026   |b .K512 
100 0 |a Kim, Suk H. ,   |e author 
245 1 0 |a Finance principles   |c Suk H. Kim, Henry J. Guithues, Ramesh Gary 
250 |a 2nd ed 
260 2 |a Reston, Va. :   |b Reston ,   |c 1985 
300 |a 466 p. ;   |c 25 cm. 
504 |a Includes index 
650 0 |a Business enterprises   |x Finance 
650 0 |a Corporations   |x Finance 
700 1 |a Gary, Ramesh ,   |e author 
700 1 |a Guithues, Henty J. ,   |e author 
999 |a 1000018112   |b Book   |c OPEN SHELF (30 DAYS)   |e Gong Badak Campus